Norma Chilena NCh ISO 45001: sistemas de gestión de la seguridad y salud en el trabajo. Requisitos con orientación para su uso
Saved in:
| Institution som forfatter: | |
|---|---|
| Format: | Bog |
| Sprog: | spansk |
| Udgivet: |
Santiago
INN
2018
|
| Udgivelse: | 1a. ed |
| Fag: | |
| Tags: |
Tilføj Tag
Ingen Tags, Vær først til at tagge denne postø!
|
MARC
| LEADER | 00000cam a2200000 a 4500 | ||
|---|---|---|---|
| 001 | UCC4249 | ||
| 003 | CL-VaPUC | ||
| 008 | 180720e20180000cl |||||||||||||||||spa|d | ||
| 082 | 0 | 4 | |a 331.2596 |b INS |2 21 |
| 110 | 2 | |a Instituto Nacional de Normalización |e author |9 598403 | |
| 245 | 1 | 0 | |a Norma Chilena NCh ISO 45001: sistemas de gestión de la seguridad y salud en el trabajo. Requisitos con orientación para su uso |
| 246 | 1 | 0 | |a Occupational health and safety management systems. Requirements with guidance for use |
| 250 | |a 1a. ed | ||
| 300 | |a 49 p | ||
| 942 | |c BK | ||
| 945 | |d 20180720 14:27:00 |a dcastane | ||
| 260 | |a Santiago |b INN |c 2018 | ||
| 650 | 0 | |a Seguridad en el trabajo |9 339687 | |
| 650 | 0 | |a Prevención de riesgos |9 387495 | |
| 650 | 0 | |a Prevención de accidentes |9 262912 | |
| 650 | 0 | |a Medidas de seguridad |9 264085 | |
| 583 | |a last modification |c 20180720 14:27:00 |k Rodrigo Vera | ||
| 999 | |c 371802 |d 371800 | ||
| 952 | |0 0 |1 0 |2 ddc |3 erb |4 0 |6 331_259600000000000_INS_2018 |7 0 |8 X |9 488998 |a BIBING |b BIBING |c RES |i 548233K |o 331.2596 INS 2018 |p 548233K |r 2025-01-20 |w 2019-11-24 |y BK_X |z Catalogado en:20180720 |k CCL | ||